Dimensionamiento de una planta piloto de destilación para una mezcla de hidrocarburos proveniente de la pirólisis de plásticos, realizados por la Compañía Balanced Energy
שמור ב:
| מחבר ראשי: | |
|---|---|
| מחברים אחרים: | |
| פורמט: | ספר |
| שפה: | Spanish |
| יצא לאור: |
San José, Costa Rica
2018
|
| נושאים: | |
| תגים: |
הוספת תג
אין תגיות, היה/י הראשונ/ה לתייג את הרשומה!
|
MARC
| LEADER | 00000nam a22000007a 4500 | ||
|---|---|---|---|
| 003 | 012941 | ||
| 005 | 20230927094714.0 | ||
| 008 | 181029b2018 cr a|||| m||| 00| ||spa d | ||
| 040 | |c cru CEDI | ||
| 090 | |a TFG 8092 | ||
| 100 | |9 1640 |a Oviedo Rodríguez, José Alejandro, 1994- | ||
| 245 | |a Dimensionamiento de una planta piloto de destilación para una mezcla de hidrocarburos proveniente de la pirólisis de plásticos, realizados por la Compañía Balanced Energy | ||
| 260 | |a San José, Costa Rica |c 2018 | ||
| 300 | |a xi, 120 hojas :ilustraciones | ||
| 500 | |a Proyecto de graduación(licenciatura en ingeniería química)--Universidad de Costa Rica. Facultad de Ingeniería. Escuela de Ingeniería Química | ||
| 501 | |a Director de Proyecto de Graduación: Ing. Alexander Davis Barquero M.Sc. | ||
| 650 | |x PIROLISIS- INVESTIGACIONES |x DESTILADOS DE PETROLEO |x RESIDUOS DE PLASTICO |x PROCESOS QUIMICOS - EQUIPO Y ACCESORIOS |x HIDROCARBUROS |x DESTILACION FRACCIONADA |9 14419 | ||
| 700 | |9 1639 |a Davis Barquero, Alexander, 1986- |d Director del TFG | ||
| 942 | |c CEDI | ||
| 999 | |c 21045 |d 21045 | ||
